| 000 | 00830cab a2200241 4500 | ||
|---|---|---|---|
| 001 | ABS47133 | ||
| 008 | 090401t1992 xxu||||| |||| 00| 0 eng d | ||
| 035 | _a(Sirsi) u60907 | ||
| 041 | _aeng | ||
| 100 | _aHarding, C | ||
| 245 | 2 | _aA guarantee of professionalism to boost our image | |
| 260 | _c1992 | ||
| 350 | _a0 | ||
| 490 |
_aBuilding _v257(7760) 4 September 1992, 32(1) |
||
| 520 | _aDiscusses the new chartered building company scheme from the Chartered Institute of Building which offers a guarantee that a company is professionally managed therefore implying that a professional service will be given. | ||
| 650 | _aCHARTERED BUILDING COMPANY SCHEME | ||
| 650 | _aCHARTERED STATUS | ||
| 650 | _aCIOB | ||
| 690 | _aBUILT ENVIRONMENT | ||
| 690 | _aPROFESSIONAL PRACTICE | ||
| 942 | _n0 | ||
| 948 | _c04/03/1997 | ||
| 999 |
_c37660 _d37660 |
||